000 00674nam a2200241 i 4500
001 bg
100 1 _aDOLIŃSKA, Małgorzata
245 1 0 _aZarządzanie marketingowe /
_cMałgorzata Dolińska ; Politechnika Lubelska.
260 _aLublin :
_bWydawnictwa Uczelniane PL,
_c1998.
300 _a191 s. :
_bwykr. ;
_c24 cm.
504 _aBibliogr. s. 187-191.
650 9 _aMarketing
650 9 _aZarządzanie
655 _aPodręczniki akademickie
710 0 _aPolitechnika Lubelska
020 _a8387270830
040 _cBPK
041 0 _apl
080 _a339.138(075.8)
920 _a83-87270-83-0
942 _cKS
008 s pl f |000 0 pol
999 _c34609
_d34609
856 _uhttp://koha.tu.koszalin.pl/cgi-bin/koha/opac-detail.pl?biblionumber=34609
_yKatalog online BPK